| 000 | 00449nam a22001817a 4500 | ||
|---|---|---|---|
| 003 | OSt | ||
| 020 | _a1580533701 | ||
| 040 | _c0 | ||
| 082 |
_222 _a005.8 |
||
| 100 | _aFerriolo, David F ...[et al.] | ||
| 245 | _aRole based access control / | ||
| 260 |
_aUSA, _bArtech House, _cc2003. |
||
| 300 |
_axvii, 316p. ; _bill. ; _c23 cm. |
||
| 700 | _aKuch, D Richard, | ||
| 700 | _aand Chandramouli, Ramaswamy. | ||
| 942 |
_2ddc _cIT |
||
| 999 |
_c1822 _d1822 |
||
| 999 |
_c1979 _d1979 |
||